| 000 | 00887nam a22002657a 4500 | ||
|---|---|---|---|
| 001 | 2039 | ||
| 003 | FISKH | ||
| 005 | 20250827095811.0 | ||
| 008 | 231101b cb ||||| |||| 00| 0 eng d | ||
| 020 | _a9781584768135 | ||
| 040 |
_aFISKH _beng _cFISKH _dFISKH |
||
| 082 | _a741.5973 | ||
| 100 | _aKatschke, Judy | ||
| 245 |
_aTeeny genie / _cWritten by Judy Katschke ; illustrated by C.S. Jennings; Literacy Expert: Nanci Vargus |
||
| 260 |
_aNorwalk : _bInnovative Kids, _c2009. |
||
| 300 |
_a24 unnumbered pages : _bcolor illustrations ; _c23 cm |
||
| 490 |
_aPhonics PC Comics _v3 stories |
||
| 505 | _aG | ||
| 520 | _a"When kids need a wish, Teeny Genie is on the job!"--P. [4] of cover. | ||
| 521 | 8 |
_a400
_bLexile estimate |
|
| 521 | 8 |
_aG
_bRaz-Plus |
|
| 650 |
_aTeeny Genie _vComics book |
||
| 700 |
_aJennings, C.S. _eillustrator |
||
| 942 |
_2ddc _cBK _n0 |
||
| 999 |
_c2039 _d2039 |
||